<?xml version="1.0" encoding="UTF-8"?>
<record
    xmlns:xsi="http://www.w3.org/2001/XMLSchema-instance"
    xsi:schemaLocation="http://www.loc.gov/MARC21/slim http://www.loc.gov/standards/marcxml/schema/MARC21slim.xsd"
    xmlns="http://www.loc.gov/MARC21/slim">

  <leader>00911na  a2200313   4500</leader>
  <controlfield tag="001">22180</controlfield>
  <controlfield tag="003">MIRAKIL</controlfield>
  <controlfield tag="005">20181213155252.0</controlfield>
  <controlfield tag="008">170211b        tu            000 0      </controlfield>
  <datafield tag="035" ind1=" " ind2=" ">
    <subfield code="a">22180</subfield>
  </datafield>
  <datafield tag="040" ind1=" " ind2=" ">
    <subfield code="a">Milas</subfield>
    <subfield code="b">tur</subfield>
    <subfield code="c">TR-AnCHP</subfield>
  </datafield>
  <datafield tag="041" ind1=" " ind2=" ">
    <subfield code="a">tur</subfield>
  </datafield>
  <datafield tag="090" ind1=" " ind2=" ">
    <subfield code="a">SHP 10</subfield>
  </datafield>
  <datafield tag="110" ind1=" " ind2=" ">
    <subfield code="a">Sosyaldemokrat Halk&#xE7;&#x131; Parti (SHP)</subfield>
  </datafield>
  <datafield tag="222" ind1=" " ind2=" ">
    <subfield code="a">K&#x131;lavuzlar</subfield>
  </datafield>
  <datafield tag="245" ind1=" " ind2=" ">
    <subfield code="a">Parti ve y&#xF6;neticiler rehberi</subfield>
    <subfield code="b">1986</subfield>
    <subfield code="c">SHP Genel Merkez</subfield>
  </datafield>
  <datafield tag="246" ind1=" " ind2=" ">
    <subfield code="a">SHP 1986 se&#xE7;im rehberi</subfield>
  </datafield>
  <datafield tag="260" ind1=" " ind2=" ">
    <subfield code="a">Ankara</subfield>
    <subfield code="b">SHP</subfield>
    <subfield code="c">1986</subfield>
  </datafield>
  <datafield tag="300" ind1=" " ind2=" ">
    <subfield code="a">74 s.</subfield>
    <subfield code="c">20 sm.</subfield>
  </datafield>
  <datafield tag="610" ind1=" " ind2=" ">
    <subfield code="a">Sosyaldemokrat Halk&#xE7;&#x131; Parti (SHP)</subfield>
    <subfield code="x">Genel se&#xE7;imler, 1986</subfield>
    <subfield code="y">Klavuzlar</subfield>
  </datafield>
  <datafield tag="650" ind1=" " ind2=" ">
    <subfield code="a">Se&#xE7;imler</subfield>
    <subfield code="y">Siyaset ve y&#xF6;netim</subfield>
    <subfield code="z">T&#xFC;rkiye</subfield>
  </datafield>
  <datafield tag="655" ind1=" " ind2=" ">
    <subfield code="a">K&#x131;lavuz kitaplar</subfield>
  </datafield>
  <datafield tag="657" ind1=" " ind2=" ">
    <subfield code="a">SHP se&#xE7;im k&#x131;lavuzlar&#x131;</subfield>
  </datafield>
  <datafield tag="657" ind1=" " ind2=" ">
    <subfield code="a">SHP 1986 se&#xE7;im k&#x131;lavuzu</subfield>
  </datafield>
  <datafield tag="740" ind1=" " ind2=" ">
    <subfield code="a">SHP 1986 se&#xE7;im rehberi</subfield>
  </datafield>
  <datafield tag="830" ind1=" " ind2=" ">
    <subfield code="a">SHP k&#x131;lavuzlar&#x131;</subfield>
  </datafield>
  <datafield tag="942" ind1=" " ind2=" ">
    <subfield code="2">ddc</subfield>
    <subfield code="c">BKS</subfield>
  </datafield>
  <datafield tag="952" ind1=" " ind2=" ">
    <subfield code="5">1</subfield>
    <subfield code="a">0001</subfield>
    <subfield code="b">0001</subfield>
    <subfield code="d">2017-02-11</subfield>
    <subfield code="e">2</subfield>
    <subfield code="f"> SHP</subfield>
    <subfield code="l">0</subfield>
    <subfield code="o">SHP 10</subfield>
    <subfield code="p">014144</subfield>
    <subfield code="r">2017-02-11 00:00:00</subfield>
    <subfield code="v">0.00</subfield>
    <subfield code="w">2017-02-11</subfield>
    <subfield code="y">BKS</subfield>
  </datafield>
  <datafield tag="999" ind1=" " ind2=" ">
    <subfield code="c">9599</subfield>
    <subfield code="d">9599</subfield>
  </datafield>
</record>
